География и геоэкология: проблемы науки, практики и образования (Запись № 10953407)
[ простой вид ]
| 000 -МАРКЕР | |
|---|---|
| контрольное поле | 02969nam0a2200409 i 4500 |
| 001 - ИДЕНТИФИКАТОР ЗАПИСИ | |
| контрольное поле | RU\NLR\BIBL_A\011614960 |
| 005 - ИДЕНТИФИКАТОР ВЕРСИИ | |
| контрольное поле | 20241103110248.0 |
| 010 ## - МЕЖДУНАРОДНЫЙ СТАНДАРТНЫЙ НОМЕР КНИГИ (ISBN) | |
| Номер (ISBN) | 9785906975935 |
| Тираж | 100 |
| 021 ## - НОМЕР ГОСУДАРСТВЕННОЙ РЕГИСТРАЦИИ | |
| Код страны | Российская Федерация |
| Номер | 2017-102353 |
| Номер Листа государственной регистраци | 7387 |
| 035 ## - ДРУГИЕ СИСТЕМНЫЕ НОМЕРА | |
| Идентификатор записи | (RuMoRGB)009504450 |
| 035 ## - ДРУГИЕ СИСТЕМНЫЕ НОМЕРА | |
| Идентификатор записи | (NLR Aleph) 011614960 |
| 100 ## - ДАННЫЕ ОБЩЕЙ ОБРАБОТКИ | |
| Данные общей обработки | 20180131d2017 k y0rusy50 ca |
| 101 0# - ЯЗЫК РЕСУРСА | |
| Язык текста, звукозаписи и т.д. | русский |
| 102 ## - СТРАНА ПУБЛИКАЦИИ ИЛИ ПРОИЗВОДСТВА | |
| Страна публикации | Российская Федерация |
| 105 ## - ПОЛЕ КОДИРОВАННЫХ ДАННЫХ: ТЕКСТОВЫЕ МАТЕРИАЛЫ, МОНОГРАФИЧЕСКИЕ | |
| Кодированные данные о монографическом текстовом документе | |||z|||100zy |
| 200 1# - ЗАГЛАВИЕ И СВЕДЕНИЯ ОБ ОТВЕТСТВЕННОСТИ | |
| Основное заглавие | География и геоэкология: проблемы науки, практики и образования |
| Сведения, относящиеся к заглавию | сборник статей Всероссийской научно-практической конференции, посвященной году экологии, г. Пенза, 10-12 ноября 2017 г. |
| Первые сведения об ответственности | Министерство образования и науки РФ, Федеральное государственное бюджетное образовательное учреждение высшего образования "Пензенский государственный университет" (ПГУ), Педагогический институт им. В.Г. Белинского, Кафедра "География" [и др.] |
| Последующие сведения об ответственности | под редакцией С.Н. Артемовой, Н.А. Симаковой |
| 210 ## - ПУБЛИКАЦИЯ, РАСПРОСТРАНЕНИЕ И ДР. | |
| Место издания, распространения и т.д. | Пенза |
| Имя издателя, распространителя и т. д. | Изд-во ПГУ |
| Дата издания, распространения и т.д. | 2017 |
| 215 ## - ФИЗИЧЕСКАЯ ХАРАКТЕРИСТИКА | |
| Специфическое обозначение материала и объем | 169, [1] с. |
| Другие сведения о физической характеристике | цв. ил., табл. |
| Размеры | 21 |
| 320 ## - ПРИМЕЧАНИЯ О НАЛИЧИИ В ДОКУМЕНТЕ БИБЛИОГРАФИИ / УКАЗАТЕЛЯ | |
| Текст примечания | Библиогр. в конце ст. |
| 606 1# - НАИМЕНОВАНИЕ ТЕМЫ КАК ПРЕДМЕТ | |
| Наименование темы | География |
| Формальный подзаголовок | Съезды, совещания и т.п |
| Тематический подзаголовок | Преподавание |
| Системный номер авторитетной/нормативной записи | 1357336 |
| Идентификатор авторитетной/нормативной записи | RU\NLR\AUTH\66252997 |
| 606 1# - НАИМЕНОВАНИЕ ТЕМЫ КАК ПРЕДМЕТ | |
| Наименование темы | Геоэкология |
| Формальный подзаголовок | Съезды, совещания и т.п |
| Тематический подзаголовок | Преподавание |
| Системный номер авторитетной/нормативной записи | 2296846 |
| Идентификатор авторитетной/нормативной записи | RU\NLR\AUTH\6601602234 |
| 606 ## - НАИМЕНОВАНИЕ ТЕМЫ КАК ПРЕДМЕТ | |
| Наименование темы | География |
| Формальный подзаголовок | Съезды, совещания и т.п |
| Системный номер авторитетной/нормативной записи | 1002053 |
| Идентификатор авторитетной/нормативной записи | RU\NLR\AUTH\6662461 |
| 606 ## - НАИМЕНОВАНИЕ ТЕМЫ КАК ПРЕДМЕТ | |
| Наименование темы | Геоэкология |
| Формальный подзаголовок | Съезды, совещания и т.п |
| Системный номер авторитетной/нормативной записи | 1278107 |
| Идентификатор авторитетной/нормативной записи | RU\NLR\AUTH\66209017 |
| 686 ## - ИНДЕКСЫ ДРУГИХ КЛАССИФИКАЦИЙ | |
| Индекс | Д8я431(2) |
| Код системы | |
| 686 1# - ИНДЕКСЫ ДРУГИХ КЛАССИФИКАЦИЙ | |
| Индекс | Д8я431(2) |
| 686 1# - ИНДЕКСЫ ДРУГИХ КЛАССИФИКАЦИЙ | |
| Индекс | Д820.4я431(2) |
| 686 1# - ИНДЕКСЫ ДРУГИХ КЛАССИФИКАЦИЙ | |
| Индекс | Ч426.43я431 |
| 686 1# - ИНДЕКСЫ ДРУГИХ КЛАССИФИКАЦИЙ | |
| Индекс | Ч486.43я431 |
| 702 #1 - ИМЯ ЛИЦА - ВТОРИЧНАЯ ОТВЕТСТВЕННОСТЬ | |
| Начальный элемент ввода | Артемова |
| Часть имени, кроме начального элемента ввода | С. Н. |
| Расширение инициалов личного имени | Серафима Николаевна |
| Код отношения | Редактор |
| 711 12 - НАИМЕНОВАНИЕ ОРГАНИЗАЦИИ - АЛЬТЕРНАТИВНАЯ ОТВЕТСТВЕННОСТЬ | |
| Начальный элемент ввода | "География и геоэкология: проблемы науки, практики и образования", всероссийская научно-практическая конференция |
| Место проведения временной организации | Пенза |
| Дата проведения временной организации | 2017 |
| Системный номер авторитетной/нормативной записи | 589059 |
| Идентификатор авторитетной/нормативной записи | RU\NLR\AUTH\880463200 |
| 712 02 - НАИМЕНОВАНИЕ ОРГАНИЗАЦИИ - ВТОРИЧНАЯ ОТВЕТСТВЕННОСТЬ | |
| Код отношения | Прочие |
| Начальный элемент ввода | Пензенский государственный университет |
| Структурное подразделение | Педагогический институт им. В. Г. Белинского |
| -- | Кафедра "География" |
| Системный номер авторитетной/нормативной записи | 589055 |
| Идентификатор авторитетной/нормативной записи | RU\NLR\AUTH\880463198 |
| 942 ## - ДОПОЛНИТЕЛЬНЫЕ ЭЛЕМЕНТЫ ЗАПИСИ (АБИС) | |
| Тип экземпляра АБИС | Книга |
| 980 ## - КОЛЛЕКЦИЯ | |
| Название коллекции | НБР |
Нет доступных экземпляров.